| 000 | 00803nam a2200289Ia 4500 | ||
|---|---|---|---|
| 005 | 20260324131326.0 | ||
| 008 | 008 260324s9999 xx 000 0 eng d | ||
| 020 | _a9781315880778 | ||
| 037 | _aEBOOK | ||
| 040 | _aCRL | ||
| 040 | _beng | ||
| 040 | _cCRL | ||
| 041 | _2eng | ||
| 041 | _aeng | ||
| 084 | _qCRL | ||
| 100 |
_aElizabeth G. Sturtevant; Kathleen A. Hinchman; David W. Moore; Fenice B. Boyd; William G. Brozo; Donna E. Alvermann _91185090 |
||
| 245 | 0 | _aPrincipled Practices for Adolescent Literacy | |
| 245 | 2 | _bA Framework for Instruction and Policy | |
| 260 | _bTaylor and Francis | ||
| 260 | _c2006 | ||
| 365 | _a | ||
| 365 | _b200 | ||
| 856 | _uhttp://www.taylorfrancis.com/books/9781315880778 | ||
| 942 | _cEBOOK | ||
| 999 |
_c1782130 _d1782130 |
||